MDQL
is popping MORE tags! Check the
thread
!
Quizzes
Events
Quiz Creation
Community
Videos
Private Events
Remove Ads
Sign In
Join for FREE
Feedback
Dark Mode
Quiz Categories
Sports
Geography
Music
Movies
Television
Just For Fun
Miscellaneous
History
Literature
Language
Science
Gaming
Entertainment
Religion
Holiday
For Kids
Quiz Lab
Recent
Popular Today
Quiz Kudos Today
Editor Picks
Curator Picks
Quizzes by...
Day
Popularity
Type
Ratings
Length
Year
Community
Subscriptions
Recent Discussions
Orange Saloon
Badges
Playlists
Quests
Create
Leaderboards
Showdown
Live 5
Trivia Bingo
Activity
Puzzle Library
Sporcle Events
Private Events
Virtual Trivia
Globe League
Become a Host
Pub Owners
SporcleCon
Opinionation
Our Games
Videos
Blog
Mobile Apps
Partnerships
Remove Ads and Go Orange
Feedback
Religion
Mythology
Religious Music
World Religions
Bible
Christianity
Catholicism
Judaism
Church
Scripture
Islam
Verse
Religion
Mythology
Religious Music
World Religions
Bible
Christianity
Catholicism
Judaism
Church
Scripture
Islam
Verse
Random Quiz
Search Sporcle
×
Featured
Featured
Religion
Animal
Select answers by clicking on text or image buttons
Select answers by clicking on text or image buttons
Clickable
Best Score? Go Orange.
Mythological Monsters and Their Slayers Stats
Can you find the mythological monster that was slain by each pictured hero?
By
alvir28
3m
15 Questions
22.1K Plays
22,133 Plays
22,133 Plays
Comments
Comments
Give Quiz Kudos
Give Quiz Kudos
-
- Ratings
hide this ad
Forced Order
Answers have to be entered in order
Answers have to be entered in order
Replay
Link that replays current quiz
Next Quiz
Link to next quiz in quiz playlist
You Got
0%
They Got
Avg Score
43%
Avg Friend Score
Upgrade to see
Score Distribution
Jump to the score distribution portion of the page
Score
0/15
Timer
03:00
8
Plays Today
% Correct
Medusa
72.1%
Minotaur
67.1%
Grendel
62.3%
Nemean Lion
58.8%
Yamata no Orochi
57.1%
Xiangliu
52.4%
Fáfnir
50.5%
Chimera
45.3%
% Correct
Zmei Gorynych
45.1%
Harpy
32.8%
Calydonian Boar
32.7%
Bull of Heaven
27.7%
Gogmagog
21.1%
Ismenian Dragon
17.5%
Herensuge
14.1%
Quiz Playlist
Details
Report
Send in Message
Add To Playlist
Clickable:
Select answers by clicking on text or image buttons
Forced Order:
Answers have to be entered in order
Last Updated: Apr 13, 2020
Featured
Editor Pick in
Religion
Quiz Scoreboard
CHALLENGE
Sign Up to Join the Scoreboard
Show All
Scores
Hide
Comments
May contain spoilers
Recently Published
1-10 Letter E Words III
by El_Dandy
Language
2m
Street Fighter Characters
by Artimus82
Gaming
60s
College Basketball Coaching Resumes
by pancakes188
Sports
9m
More to Explore
Quiz From the Vault
Featured Blog Post
Where Did the Easter Bunny Come From?
hide this ad
You Might Also Like...
Tags
Animal Quiz
Mythology Quiz
Greek Mythology
Hero
Heroes
Monster
Mythological Creatures
Pairs
Slayer
Today's Top Quizzes in Religion
Browse Religion
hide this ad
Today's Top Quizzes in Animal
Browse Animal
Top Contributed Quizzes in Religion
1
5-to-1: Children of Gods
2
5-to-1: European Churches
3
One Thing in Common: Mythology
4
One Thing in Common: Mythology II
5
One Thing in Common: Religion
6
Mythological Creature Bunker
7
One Thing in Common: Religion and Mythology
8
Prime Time: Religion
9
Murdered Mythical Monsters
10
10 to 1: Islam
Explore More
Trending Topics
Crossword
Kpop
Anime
Disney
NBA
Harry Potter
Marvel
Puzzle
The Office
NFL
WWE
Country
Pokémon
Soccer
Song
hide this ad
More By:
alvir28
Quiz
Plays
Rating
Category
Featured
Created
Formula One Constructors Champions
183,138
4.72
Sports
May 17, 2018
Find the Red Animals
121,605
4.81
Science
Jul 11, 2018
Countries with Multiple Grands Prix
107,209
4.68
Sports
May 24, 2017
Which State: US Landmarks
98,385
4.55
Geography
Oct 9, 2018
Find the Green Animals
96,712
4.74
Science
Jul 8, 2018
Go to Creator's Profile
Score Distribution
Quiz Creator Spotlight
alvir28
Follow
Send a Message
Quizzes Created
-
Created Quiz Play Count
-
More By This Creator
Popular Quizzes Today
1
Find the US States - No Outlines Minefield
2
Find the Countries of Europe - No Outlines Minefield
3
The Countries of the World
4
Find the US States
5
Risky Map Clicking: Biggest States A-Z
6
US States
7
Popular People in 1961
8
Movies - When Are They Set?
More Religion Quizzes
Four Word Hymn Titles
Published
Trending Quizzes
Risky Map Clicking: Least Populous States A-Z
1-10 Letter G Words
1-10 Letter F Words
Countries of the World: 200 Million BC
Risky Map Clicking: Next State Alphabetically
Recently Updated
Rides in Walt Disney World
pecheneg
Most Oscar Losses (Acting)
pecheneg
Beyoncé Albums
pecheneg
Leaping Animals
pecheneg
Reality TV Shows (A-Z)
bhenderson79
Rickey Henderson's Hall of Fame Teammates
pecheneg
Champions League XIs: Arsenal
pecheneg
Quick Pick: Celebrities in WWE's Hall of Fame
aduchscher
A-Z Keypad Blitz II
pecheneg
Multiple Oscar Actors
pecheneg
Trending Topics
Anime
Kpop
Disney
Crossword
NBA
Harry Potter
Marvel
Country
WWE
Pokémon
NFL
The Office
Soccer
Puzzle
Song
Your Account Isn't Verified!
In order to create a playlist on Sporcle, you need to verify the email address you used during registration. Go to your
Sporcle Settings
to finish the process.
Report this User
Report this user for behavior that violates our
Community Guidelines
.
Details:
Send Report
Go to the Sporcle.com Mobile Site →
Comments